000 01230cam a22003014a 4500
001 13332122
003 OSt
005 20240611161310.0
008 030903s2003 enka b 001 0 eng
010 _a 2003276601
020 _a0198527705 (hbk. : acidfree paper)
020 _a0198527713 (pbk. : acidfree paper)
040 _aDLC
_cMUST
_dDLC
042 _apcc
082 0 0 _a515.35
_222
_bAPP 2003
245 0 0 _aApplied partial differential equations /
_cJohn Ockendon ... [et al.].
250 _aRev. ed.
260 _aOxford ;
_aNew York :
_bOxford University Press,
_c2003.
300 _axi, 449 p. :
_bill. ;
_c25 cm.
504 _aIncludes bibliographical references (p. 436-438) and index.
650 0 _aDifferential equations, Partial.
_9712
700 1 _aOckendon, J. R.
_917064
856 4 2 _3Publisher description
_uhttp://www.loc.gov/catdir/enhancements/fy0615/2003276601-d.html
856 4 1 _3Table of contents only
_uhttp://www.loc.gov/catdir/enhancements/fy0615/2003276601-t.html
906 _a7
_bcbc
_corigcop
_d2
_encip
_f20
_gy-gencatlg
942 _2ddc
_cO_SHELF
999 _c8391
_d8391